| 000 | 00802cam a2200253 a 4500 | ||
|---|---|---|---|
| 001 | 957 | ||
| 003 | BD-RjUL | ||
| 005 | 20211208233245.0 | ||
| 008 | 860506s19641960nyu 000 0 eng d | ||
| 020 | _a0393001261 | ||
| 035 | _a(BD-RjUL)979 | ||
| 040 |
_aAIN _cAIN _dOCL _dORZ _dBOS _dBD-RjUL _beng |
||
| 041 | 1 |
_aeng _hspa |
|
| 082 | 1 | 0 |
_216 _a100 _bGAW 1964 |
| 090 |
_aB4568.O73 _bQ4313 1964 |
||
| 100 | 1 |
_aGasset, Jose,Ortega y _d1883-1955. _92833 |
|
| 245 | 1 | 0 |
_aWhat is philosophy? / _bJose Ortega y Gasset . _cJosé Ortega Y Gasset; translated from the Spanish by Mildred Adams. |
| 260 |
_aNew York : _bNorton , _c1964. |
||
| 300 |
_a252 p. ; _c20 cm. |
||
| 490 | 0 |
_aThe Norton library ; _vN126. |
|
| 500 | _aLectures given in Madrid and Buenos Aires. | ||
| 650 | 0 |
_aPhilosophy. _92834 |
|
| 942 |
_2ddc _cBK |
||
| 999 |
_c957 _d957 |
||